| 000 | 00685cam a22002054a 4500 | ||
|---|---|---|---|
| 005 | 20250605164138.0 | ||
| 008 | 250528s ||||||||||||||||||||||||d | ||
| 035 | _a18869 | ||
| 040 |
_aGR-AtMCL _bgre _dGR-AtMCL _eAACR2 |
||
| 245 | 1 | _a1989 Proceedings / International Trade and Finance Association | |
| 260 | _c1989 | ||
| 300 | _a256 | ||
| 520 | _aForward, Introduction, Whither U.S. Trade Policy, International Trade Issues, Foreign Exchange Rates, Multinational Coorporations, Regional and National Studies. | ||
| 700 | 1 |
_aFatemi Khosrow _95144 |
|
| 700 | 1 |
_aMann Catherine _95145 |
|
| 942 | _cBK | ||
| 710 | 2 |
_aLaredo State University _99766 |
|
| 999 |
_c4176 _d4176 |
||